000 00791nam a2200229Ii 4500
003 JO-AjNU
008 230605s9999||||xx |||||||||||||| ||und||
017 _a2014/1/274
020 _a978-9957-81-225-6
040 _aJO-AjNU
_bara
_erda
_cJO-AjNU
041 _aara
050 1 4 _aPJ7561 2014
100 3 _aالديات، عدنان حسن إبراهيم,
_eauthor
_948006
245 0 0 _aالعلاقات الإسنادية وتحولاتها في شعر محمود درويش (دراسة تحليلية)
250 _aط1
264 3 1 _aعمان:دار جليس الزمان،2014
300 _a283ص
336 _atext
_btxt
_2rdacontent
337 _aunmediated
_bn
_2rdamedia
338 _avolume
_bnc
_2rdacarrier
650 4 _aالشعر العربي-النقد الأدبي
_948007
999 _aA20995
_c24563
_d24563